[Event "Taastrup 25 Jubilee"]
[Site "Taastrup"]
[Date "1997.??.??"]
[Round "3"]
[White "Olsen, Heini"]
[Black "Gormally, Daniel"]
[Result "1-0"]
[WhiteElo "2300"]
[BlackElo "2375"]
[PlyCount "99"]
[EventDate "1997.??.??"]
[EventType "swiss"]
[EventRounds "9"]
[EventCountry "DEN"]
[Source "ChessBase"]
[SourceDate "1998.11.10"]

1. Nf3 Nf6 2. c4 c6 3. d4 d5 4. Nc3 e6 5. Bg5 dxc4 6. e4 b5 7. e5 h6 8. Bh4 g5
9. Nxg5 hxg5 10. Bxg5 Nbd7 11. exf6 Qa5 12. g3 b4 13. Ne4 Ba6 14. Qf3 O-O-O 15.
Be2 Qd5 16. Be3 c5 17. Nxc5 Nxc5 18. dxc5 Bb7 19. Qxd5 Bxd5 20. f3 Bh6 21. Kf2
Bxe3+ 22. Kxe3 Rh6 23. Rac1 Rxf6 24. Rhf1 Kc7 25. Bxc4 Bc6 26. Be2 Rh6 27. h4
Rg8 28. Rg1 e5 29. Bd3 Bd5 30. Bc4 Bc6 31. Rcd1 Rg7 32. Kf2 f5 33. Bd5 Bd7 34.
Rde1 Re7 35. Re3 Bc6 36. Rd1 Rf6 37. h5 f4 38. gxf4 Rxf4 39. Bxc6 Kxc6 40. Rh1
Kxc5 41. h6 Rf8 42. Rh5 Kd6 43. Re4 a5 44. h7 Rh8 45. Reh4 Rc7 46. Ke3 Rc2 47.
Rh2 Rc7 48. Rh6+ Ke7 49. Ra6 Rc5 50. Rhh6 1-0

[Event "Taastrup 25 Jubilee"]
[Site "Taastrup"]
[Date "1997.??.??"]
[Round "4"]
[White "Pilgaard, Kim"]
[Black "Sahl, Bjarke"]
[Result "1-0"]
[WhiteElo "2370"]
[BlackElo "2415"]
[PlyCount "79"]
[EventDate "1997.??.??"]
[EventType "swiss"]
[EventRounds "9"]
[EventCountry "DEN"]
[Source "ChessBase"]
[SourceDate "1998.11.10"]

1. e4 c5 2. Nf3 d6 3. d4 cxd4 4. Nxd4 Nf6 5. Nc3 a6 6. f4 Nc6 7. Nf3 g6 8. Bd3
Bg7 9. O-O d5 10. e5 Ng4 11. Qe1 h5 12. Kh1 Nb4 13. Qe2 Nxd3 14. Qxd3 e6 15.
Ne2 Bd7 16. Ned4 Bf8 17. Bd2 Rc8 18. Qb3 b6 19. Qd3 b5 20. a3 Qc7 21. Bb4 Qc4
22. Qd2 Nh6 23. Rae1 Qc7 24. Re3 Qb6 25. Rc3 Rc4 26. Bxf8 Kxf8 27. b3 Rxc3 28.
Qxc3 Kg7 29. b4 Rc8 30. Qd2 Qc7 31. Rd1 Qc4 32. Qe1 Qa2 33. Rd3 Nf5 34. Nxf5+
exf5 35. Nd4 Be6 36. h3 Qb2 37. Kh2 Kh6 38. Qg3 Rxc2 39. Qg5+ Kh7 40. Nxe6 1-0

[Event "Taastrup 25 Jubilee"]
[Site "Taastrup"]
[Date "1997.??.??"]
[Round "6"]
[White "Pilgaard, Kim"]
[Black "Welling, Gerard"]
[Result "1-0"]
[WhiteElo "2370"]
[BlackElo "2385"]
[PlyCount "89"]
[EventDate "1997.??.??"]
[EventType "swiss"]
[EventRounds "9"]
[EventCountry "DEN"]
[Source "ChessBase"]
[SourceDate "1998.11.10"]

1. e4 e5 2. Nf3 Nc6 3. Nc3 g6 4. d4 exd4 5. Nxd4 Bg7 6. Nxc6 bxc6 7. Bc4 d6 8.
O-O Be6 9. Qe2 Ne7 10. Bg5 h6 11. Be3 Qd7 12. Rad1 Bxc4 13. Qxc4 Qe6 14. Qd3
O-O 15. Bd4 f5 16. Bxg7 Kxg7 17. Rfe1 f4 18. f3 Qe5 19. Qd4 Kf6 20. Qc4 a5 21.
b3 Rab8 22. a3 g5 23. Nd5+ cxd5 24. exd5 Qb2 25. Re6+ Kf7 26. Qe4 Rfe8 27. Re1
Kg8 28. h3 Qg7 29. Rxe7 Rxe7 30. Qxe7 Qxe7 31. Rxe7 Rb5 32. Rxc7 Rxd5 33. b4
Rd1+ 34. Kf2 axb4 35. axb4 Rb1 36. Rc4 Kf7 37. Ke2 Rg1 38. b5 Rxg2+ 39. Kd3 Rf2
40. b6 Rxf3+ 41. Kd2 Rf2+ 42. Ke1 Rh2 43. Rb4 Rh1+ 44. Kf2 Rh2+ 45. Kf1 1-0

[Event "Taastrup 25 Jubilee"]
[Site "Taastrup"]
[Date "1997.??.??"]
[Round "2"]
[White "Pilgaard, Kim"]
[Black "Olsen, Heini"]
[Result "1-0"]
[WhiteElo "2370"]
[BlackElo "2300"]
[PlyCount "53"]
[EventDate "1997.??.??"]
[EventType "swiss"]
[EventRounds "9"]
[EventCountry "DEN"]
[Source "ChessBase"]
[SourceDate "1998.11.10"]

1. e4 c5 2. Nf3 d6 3. d4 cxd4 4. Nxd4 Nf6 5. Nc3 a6 6. f4 e5 7. Nf3 Nbd7 8. a4
Be7 9. Bd3 O-O 10. O-O Nc5 11. Kh1 exf4 12. Bxf4 Bg4 13. Qe1 Qb6 14. Be3 Rac8
15. Rb1 Bxf3 16. Rxf3 Nxd3 17. cxd3 Qb3 18. Bd4 Qe6 19. Qg3 Nh5 20. Qf2 Bf6 21.
Nd5 Be5 22. Rf1 f6 23. Be3 g5 24. d4 Bf4 25. Bxf4 Qxe4 26. Nc3 Qe6 27. Bxg5 1-0

[Event "Taastrup 25 Jubilee"]
[Site "Taastrup"]
[Date "1997.??.??"]
[Round "3"]
[White "Sahl, Bjarke"]
[Black "Niklasch, Oliver"]
[Result "1-0"]
[WhiteElo "2415"]
[BlackElo "2335"]
[PlyCount "71"]
[EventDate "1997.??.??"]
[EventType "swiss"]
[EventRounds "9"]
[EventCountry "DEN"]
[Source "ChessBase"]
[SourceDate "1998.11.10"]

1. e4 e5 2. Nf3 Nc6 3. d4 exd4 4. Bc4 Nf6 5. e5 d5 6. Bb5 Ne4 7. Nxd4 Bd7 8.
Bxc6 bxc6 9. O-O Qh4 10. Be3 g6 11. Nd2 Bg7 12. f4 Nxd2 13. Qxd2 O-O 14. Qc3
Rae8 15. Rae1 f6 16. e6 Bc8 17. Qxc6 f5 18. Nf3 Qd8 19. Bxa7 Bxb2 20. Bd4 Bxd4+
21. Nxd4 Re7 22. Re5 Qd6 23. Qxd5 Qb6 24. Qc5 Qxc5 25. Rxc5 Bxe6 26. Re1 Rf6
27. Rce5 Kf7 28. Kf2 c5 29. Nxe6 Rfxe6 30. Rxe6 Rxe6 31. Rxe6 Kxe6 32. Ke3 Kd5
33. Kd3 h6 34. a4 g5 35. a5 c4+ 36. Kc3 1-0

[Event "Taastrup 25 Jubilee"]
[Site "Taastrup"]
[Date "1997.??.??"]
[Round "9"]
[White "Sahl, Bjarke"]
[Black "Olsen, Heini"]
[Result "1-0"]
[WhiteElo "2415"]
[BlackElo "2300"]
[PlyCount "77"]
[EventDate "1997.??.??"]
[EventType "swiss"]
[EventRounds "9"]
[EventCountry "DEN"]
[Source "ChessBase"]
[SourceDate "1998.11.10"]

1. e4 c5 2. Nf3 d6 3. d4 cxd4 4. Nxd4 Nf6 5. Nc3 a6 6. Bg5 e6 7. f4 Be7 8. Qf3
Qc7 9. O-O-O Nbd7 10. g4 b5 11. Bxf6 gxf6 12. Bh3 Bb7 13. Rhe1 O-O-O 14. a3 Nb6
15. f5 e5 16. Nb3 Kb8 17. Kb1 Rc8 18. Re2 Rhd8 19. Bf1 Bf8 20. Nc1 d5 21. Nxd5
Nxd5 22. exd5 Qc5 23. Bg2 Bh6 24. Na2 a5 25. Qb3 Qc4 26. Nc3 Qxg4 27. Qxb5 Qxf5
28. Qxa5 Rd6 29. Re4 Bf8 30. Qb5 Qf2 31. Rb4 Rc7 32. Qe8+ Rc8 33. Qb5 Rc7 34.
Be4 f5 35. Qe8+ Rc8 36. Qxf7 Rb6 37. Qxf5 Qxf5 38. Rxb6 Qd7 39. d6 1-0

[Event "Taastrup 25 Jubilee"]
[Site "Taastrup"]
[Date "1997.??.??"]
[Round "2"]
[White "Sahl, Bjarke"]
[Black "Thuesen, Mogens Henrik"]
[Result "1/2-1/2"]
[WhiteElo "2415"]
[BlackElo "2225"]
[PlyCount "100"]
[EventDate "1997.??.??"]
[EventType "swiss"]
[EventRounds "9"]
[EventCountry "DEN"]
[Source "ChessBase"]
[SourceDate "1998.11.10"]

1. e4 c5 2. b3 Nf6 3. e5 Nd5 4. Bb2 Nc6 5. Nf3 e6 6. Bb5 Nd4 7. Nxd4 cxd4 8.
Bc4 Qg5 9. O-O Nf4 10. Qf3 Bc5 11. b4 Bb6 12. Re1 f6 13. h4 Qh6 14. g3 Ng6 15.
exf6 O-O 16. d3 gxf6 17. Qg4 f5 18. Qe2 Qg7 19. Nd2 Nxh4 20. Qh5 Ng6 21. Nf3 a5
22. Bc1 f4 23. Bd2 Bc7 24. g4 b5 25. Qxb5 Rb8 26. Qh5 Bb7 27. Ng5 Rbe8 28. f3
h6 29. Ne4 Ne5 30. Kf2 Ba8 31. Bb5 Rc8 32. Ba6 Rb8 33. b5 Nf7 34. Rh1 e5 35. g5
Rb6 36. Rag1 Bxe4 37. gxh6 Rxh6 38. Rxg7+ Kxg7 39. Qxh6+ Nxh6 40. dxe4 Nf7 41.
Rg1+ Kf6 42. Rh1 Bb6 43. Kf1 Rg8 44. Be1 Nd6 45. Rh6+ Rg6 46. Rxg6+ Kxg6 47.
Ke2 Kf7 48. c3 dxc3 49. Bxc3 Ke6 50. Kd3 Kf6 1/2-1/2

[Event "Taastrup 25 Jubilee"]
[Site "Taastrup"]
[Date "1997.??.??"]
[Round "7"]
[White "Sahl, Bjarke"]
[Black "Gormally, Daniel"]
[Result "1/2-1/2"]
[WhiteElo "2415"]
[BlackElo "2375"]
[PlyCount "55"]
[EventDate "1997.??.??"]
[EventType "swiss"]
[EventRounds "9"]
[EventCountry "DEN"]
[Source "ChessBase"]
[SourceDate "1998.11.10"]

1. e4 c5 2. Nf3 d6 3. d4 cxd4 4. Nxd4 Nf6 5. Nc3 a6 6. Bg5 e6 7. f4 Nc6 8. e5
h6 9. Bh4 g5 10. fxg5 Nd5 11. Nxd5 exd5 12. exd6 Bxd6 13. Qe2+ Qe7 14. Nxc6
bxc6 15. g6 Qxe2+ 16. Bxe2 fxg6 17. Bd3 g5 18. Bg3 Bxg3+ 19. hxg3 Be6 20. O-O-O
Kd7 21. Rdf1 Raf8 22. Rxf8 Rxf8 23. Rxh6 Rf2 24. Rg6 g4 25. Bxa6 Ke7 26. Rg7+
Kd6 27. b4 Bf5 28. Bd3 1/2-1/2

[Event "Taastrup 25 Jubilee"]
[Site "Taastrup"]
[Date "1997.??.??"]
[Round "6"]
[White "Thuesen, Mogens Henrik"]
[Black "Van Voorthuijsen, Pieter W"]
[Result "0-1"]
[WhiteElo "2225"]
[BlackElo "2285"]
[PlyCount "110"]
[EventDate "1997.??.??"]
[EventType "swiss"]
[EventRounds "9"]
[EventCountry "DEN"]
[Source "ChessBase"]
[SourceDate "1998.11.10"]

1. e4 d6 2. d4 g6 3. Nf3 Nf6 4. Nc3 Bg7 5. Be2 O-O 6. O-O Nc6 7. d5 Nb4 8. h3
a5 9. Bg5 h6 10. Bh4 Nh5 11. a3 Na6 12. Nd4 Nf4 13. Bc4 Bxd4 14. Qxd4 e5 15.
dxe6 Qxh4 16. g3 Nxh3+ 17. Kh2 Ng5+ 18. gxh4 Nf3+ 19. Kg3 Nxd4 20. Bxa6 fxe6
21. Rad1 e5 22. Bc4+ Kg7 23. Rxd4 exd4 24. Nb5 Bd7 25. Nxd4 Rae8 26. f3 Rf6 27.
Rd1 Re5 28. Bd3 g5 29. h5 c5 30. Ne2 b5 31. Nc3 c4 32. Be2 Bc6 33. Rd4 b4 34.
axb4 axb4 35. Na2 b3 36. cxb3 cxb3 37. Nc1 Rc5 38. Nxb3 Rc2 39. Na5 Be8 40. Bd1
Rxb2 41. Nc4 Rb4 42. Nxd6 Rxd4 43. Nxe8+ Kf7 44. Nxf6 Kxf6 45. Be2 Ke5 46. Bf1
Rd1 47. Bg2 Rc1 48. Bh3 Kd4 49. Kf2 Rc2+ 50. Kg3 Re2 51. Bf5 Re3 52. Kg4 Re1
53. Kg3 Rh1 54. Bg4 Rg1+ 55. Kh3 Ke5 0-1

[Event "Taastrup 25 Jubilee"]
[Site "Taastrup"]
[Date "1997.??.??"]
[Round "4"]
[White "Thuesen, Mogens Henrik"]
[Black "Olsen, Heini"]
[Result "0-1"]
[WhiteElo "2225"]
[BlackElo "2300"]
[PlyCount "44"]
[EventDate "1997.??.??"]
[EventType "swiss"]
[EventRounds "9"]
[EventCountry "DEN"]
[Source "ChessBase"]
[SourceDate "1998.11.10"]

1. e4 c6 2. d4 d5 3. Nc3 dxe4 4. Nxe4 Nd7 5. Bc4 Ngf6 6. Ng5 e6 7. Qe2 Nb6 8.
Bb3 h6 9. N5f3 c5 10. c3 Qc7 11. a3 Bd7 12. Ne5 cxd4 13. cxd4 Bxa3 14. Rxa3
Qxc1+ 15. Bd1 Nbd5 16. Nxd7 Nxd7 17. Qb5 a6 18. Qxb7 Rb8 19. Qxa6 Rxb2 20. Rd3
Nb4 21. Qa8+ Ke7 22. Qa3 Ra8 0-1

[Event "Taastrup 25 Jubilee"]
[Site "Taastrup"]
[Date "1997.??.??"]
[Round "9"]
[White "Thuesen, Mogens Henrik"]
[Black "Hartvig, Ove Weiss"]
[Result "1-0"]
[WhiteElo "2225"]
[BlackElo "2290"]
[PlyCount "59"]
[EventDate "1997.??.??"]
[EventType "swiss"]
[EventRounds "9"]
[EventCountry "DEN"]
[Source "ChessBase"]
[SourceDate "1998.11.10"]

1. d4 c5 2. d5 Nf6 3. Nc3 e5 4. e4 d6 5. Nf3 a6 6. a4 g6 7. Be2 Bg7 8. Nd2 O-O
9. Nc4 Ne8 10. Be3 f5 11. f3 Nd7 12. O-O f4 13. Bf2 b6 14. Rb1 h5 15. b4 g5 16.
bxc5 bxc5 17. a5 Rf6 18. Na4 Rg6 19. Nab6 Nxb6 20. Nxb6 Ra7 21. Nxc8 Qxc8 22.
Rb6 Bf6 23. Qb1 g4 24. Rb8 Qd7 25. Qb6 Rg7 26. Qc6 gxf3 27. Bxf3 Qxc6 28. dxc6
Kf8 29. Bxh5 Rge7 30. Rd1 1-0

[Event "Taastrup 25 Jubilee"]
[Site "Taastrup"]
[Date "1997.??.??"]
[Round "5"]
[White "Van Voorthuijsen, Pieter W"]
[Black "Nilssen, John Arni"]
[Result "1/2-1/2"]
[WhiteElo "2285"]
[BlackElo "2305"]
[PlyCount "93"]
[EventDate "1997.??.??"]
[EventType "swiss"]
[EventRounds "9"]
[EventCountry "DEN"]
[Source "ChessBase"]
[SourceDate "1998.11.10"]

1. e4 c5 2. Nc3 Nc6 3. g3 g6 4. Bg2 Bg7 5. d3 e6 6. Be3 d6 7. Qd2 Rb8 8. Nf3
Nd4 9. Bxd4 cxd4 10. Nb5 e5 11. Qb4 Bf8 12. Qc4 Be7 13. O-O Kf8 14. Qc7 Qxc7
15. Nxc7 Nf6 16. Rfc1 Bd7 17. c3 dxc3 18. Rxc3 Bd8 19. Rac1 h6 20. Rb3 Kg7 21.
Nb5 Bxb5 22. Rxb5 Nd7 23. d4 exd4 24. Nxd4 Bf6 25. Rd1 Rhd8 26. Nc2 Nc5 27. Ne3
a6 28. Rb6 Na4 29. Rbxd6 Nxb2 30. Rxd8 Rxd8 31. Rb1 b5 32. Nd5 Bd4 33. Bf1 Rc8
34. Be2 Rc2 35. Kf1 Na4 36. Nb4 Rd2 37. Rd1 Rxd1+ 38. Bxd1 Nc3 39. Bc2 a5 40.
Nc6 Bb6 41. a3 b4 42. a4 Kf6 43. f4 g5 44. Ne5 Bc7 45. Ng4+ Kg7 46. fxg5 hxg5
47. Ke1 1/2-1/2

[Event "Taastrup 25 Jubilee"]
[Site "Taastrup"]
[Date "1997.??.??"]
[Round "1"]
[White "Van Voorthuijsen, Pieter W"]
[Black "Gormally, Daniel"]
[Result "1/2-1/2"]
[WhiteElo "2285"]
[BlackElo "2375"]
[PlyCount "62"]
[EventDate "1997.??.??"]
[EventType "swiss"]
[EventRounds "9"]
[EventCountry "DEN"]
[Source "ChessBase"]
[SourceDate "1998.11.10"]

1. d4 Nf6 2. c4 g6 3. Nf3 Bg7 4. g3 O-O 5. Bg2 d6 6. O-O c5 7. Nc3 Nc6 8. d5
Na5 9. Nd2 a6 10. Rb1 Rb8 11. b3 b5 12. Bb2 Bh6 13. e3 Ng4 14. Qe2 bxc4 15.
bxc4 Ne5 16. Ba1 Bg4 17. f3 Bf5 18. Nce4 Bg7 19. Rxb8 Qxb8 20. Rb1 Qc7 21. f4
Bxe4 22. Bxe4 Nd7 23. Bxg7 Kxg7 24. Qd3 Rb8 25. Qc3+ Nf6 26. Rxb8 Qxb8 27. a3
Kg8 28. Bc2 Nb7 29. e4 Nd7 30. Nf3 Qc7 31. e5 Qa5 1/2-1/2

[Event "Taastrup 25 Jubilee"]
[Site "Taastrup"]
[Date "1997.??.??"]
[Round "8"]
[White "Van Voorthuijsen, Pieter W"]
[Black "Sahl, Bjarke"]
[Result "0-1"]
[WhiteElo "2285"]
[BlackElo "2415"]
[PlyCount "80"]
[EventDate "1997.??.??"]
[EventType "swiss"]
[EventRounds "9"]
[EventCountry "DEN"]
[Source "ChessBase"]
[SourceDate "1998.11.10"]

1. d4 Nf6 2. c4 e6 3. g3 c5 4. d5 exd5 5. cxd5 d6 6. Nc3 a6 7. a4 g6 8. Bg2 Bg7
9. Nf3 O-O 10. O-O Re8 11. h3 Nbd7 12. Re1 Rb8 13. Bf4 Qc7 14. Rc1 b5 15. axb5
axb5 16. b4 Ne4 17. Nxe4 Rxe4 18. bxc5 Nxc5 19. Nd2 Rxf4 20. gxf4 b4 21. e4 Bc3
22. Re3 Bd4 23. Rf3 Qa7 24. Nb3 Nxb3 25. Qxb3 Bd7 26. e5 dxe5 27. fxe5 Bxe5 28.
Re1 Qd4 29. Rfe3 Bd6 30. Re4 Qf6 31. Bf1 Kg7 32. R4e2 Rc8 33. Qb2 Rc3 34. Re3
Qf4 35. Ba6 Qh2+ 36. Kf1 Bxh3+ 37. Ke2 Bg4+ 38. Kd2 Qxf2+ 39. R1e2 Qf4 40. Re1
Qd4+ 0-1

[Event "Taastrup 25 Jubilee"]
[Site "Taastrup"]
[Date "1997.??.??"]
[Round "7"]
[White "Van Voorthuijsen, Pieter W"]
[Black "Koerholz, Ludger"]
[Result "1/2-1/2"]
[WhiteElo "2285"]
[BlackElo "2270"]
[PlyCount "120"]
[EventDate "1997.??.??"]
[EventType "swiss"]
[EventRounds "9"]
[EventCountry "DEN"]
[Source "ChessBase"]
[SourceDate "1998.11.10"]

1. e4 c5 2. Nc3 Nc6 3. g3 e6 4. Bg2 Nf6 5. f4 d5 6. e5 Nd7 7. Nf3 Be7 8. O-O
O-O 9. d3 Rb8 10. Qe1 b5 11. g4 b4 12. Ne2 f6 13. exf6 Nxf6 14. Bh3 Bd6 15. Ng3
Ne8 16. f5 Nc7 17. Bg5 Qe8 18. Qd2 exf5 19. Nxf5 Bxf5 20. gxf5 Qh5 21. Qg2 Ne5
22. Nxe5 Bxe5 23. Bf4 Rbe8 24. Bxe5 Rxe5 25. Rae1 Ree8 26. Rxe8 Qxe8 27. Qg3
Qc6 28. f6 Ne8 29. fxg7 Rxf1+ 30. Bxf1 Qc7 31. Bg2 Qxg3 32. hxg3 Nc7 33. c3 a5
34. d4 cxd4 35. cxd4 Kxg7 36. Kf2 Kf6 37. Ke3 Ke6 38. a3 bxa3 39. bxa3 Nb5 40.
Bh3+ Kd6 41. a4 Nc3 42. Bf5 Nxa4 43. Bxh7 Nc3 44. Bc2 Nb5 45. g4 Ke6 46. Bf5+
Ke7 47. Bc2 Kf6 48. Bb3 Ke6 49. Kd3 Nd6 50. Kc3 Nc8 51. Kb2 Nb6 52. Ka3 Nc4+
53. Ka4 Kf6 54. Kb5 Kg5 55. Bxc4 dxc4 56. Kxc4 Kxg4 57. Kb5 Kf5 58. d5 a4 59.
Kxa4 Ke5 60. Kb5 Kxd5 1/2-1/2

[Event "Taastrup 25 Jubilee"]
[Site "Taastrup"]
[Date "1997.??.??"]
[Round "3"]
[White "Van Voorthuijsen, Pieter W"]
[Black "Hartvig, Ove Weiss"]
[Result "1/2-1/2"]
[WhiteElo "2285"]
[BlackElo "2290"]
[PlyCount "47"]
[EventDate "1997.??.??"]
[EventType "swiss"]
[EventRounds "9"]
[EventCountry "DEN"]
[Source "ChessBase"]
[SourceDate "1998.11.10"]

1. d4 Nf6 2. c4 c5 3. d5 b5 4. cxb5 a6 5. b6 e6 6. Nc3 Nxd5 7. Nxd5 exd5 8.
Qxd5 Nc6 9. Nf3 Rb8 10. e4 Rxb6 11. Bc4 Qe7 12. O-O Bb7 13. Qh5 g6 14. Qh3 Bg7
15. Bg5 Bf6 16. Bxf6 Qxf6 17. e5 Qf4 18. Bd5 Nd4 19. Bxb7 Rxb7 20. Nxd4 Qxd4
21. b3 O-O 22. Rae1 Re8 23. Qf3 Rb4 24. Rd1 1/2-1/2

[Event "Taastrup 25 Jubilee"]
[Site "Taastrup"]
[Date "1997.??.??"]
[Round "3"]
[White "Welling, Gerard"]
[Black "Nilssen, John Arni"]
[Result "1-0"]
[WhiteElo "2385"]
[BlackElo "2305"]
[PlyCount "55"]
[EventDate "1997.??.??"]
[EventType "swiss"]
[EventRounds "9"]
[EventCountry "DEN"]
[Source "ChessBase"]
[SourceDate "1998.11.10"]

1. d4 f5 2. c4 Nf6 3. Nc3 g6 4. h4 d6 5. h5 Nxh5 6. Rxh5 gxh5 7. e4 Be6 8. Be2
Bf7 9. Bxh5 Bxh5 10. Qxh5+ Kd7 11. Nf3 c6 12. Ng5 Qe8 13. Qh3 Na6 14. exf5 Kc7
15. Ne6+ Kb8 16. Bf4 Nc7 17. c5 Nxe6 18. fxe6 Qg6 19. Qe3 Kc7 20. d5 h5 21. Rd1
Qxg2 22. cxd6+ exd6 23. e7 Re8 24. Nb5+ cxb5 25. Qc5+ Kb8 26. Qxd6+ Ka8 27.
Qd8+ Rxd8 28. exd8=Q# 1-0

[Event "Taastrup 25 Jubilee"]
[Site "Taastrup"]
[Date "1997.??.??"]
[Round "9"]
[White "Welling, Gerard"]
[Black "Gormally, Daniel"]
[Result "1/2-1/2"]
[WhiteElo "2385"]
[BlackElo "2375"]
[PlyCount "44"]
[EventDate "1997.??.??"]
[EventType "swiss"]
[EventRounds "9"]
[EventCountry "DEN"]
[Source "ChessBase"]
[SourceDate "1998.11.10"]

1. d4 Nf6 2. Nf3 g6 3. c4 Bg7 4. Nc3 d5 5. cxd5 Nxd5 6. Bd2 O-O 7. Rc1 Nc6 8.
e4 Nb6 9. d5 Ne5 10. Nxe5 Bxe5 11. Bh6 Re8 12. Bb5 Bd7 13. Bxd7 Qxd7 14. O-O e6
15. dxe6 Qxe6 16. h3 c6 17. Qf3 Rad8 18. Rcd1 Rxd1 19. Rxd1 Qf6 20. Qxf6 Bxf6
21. Bd2 Kf8 22. f3 Rd8 1/2-1/2

[Event "Taastrup 25 Jubilee"]
[Site "Taastrup"]
[Date "1997.??.??"]
[Round "7"]
[White "Welling, Gerard"]
[Black "Zolnierowicz, Krzysztof"]
[Result "1-0"]
[WhiteElo "2385"]
[BlackElo "2370"]
[PlyCount "113"]
[EventDate "1997.??.??"]
[EventType "swiss"]
[EventRounds "9"]
[EventCountry "DEN"]
[Source "ChessBase"]
[SourceDate "1998.11.10"]

1. d4 d5 2. Nf3 e6 3. e3 f5 4. c4 Nf6 5. Nbd2 c6 6. Bd3 Bd6 7. b3 a5 8. a3 Ne4
9. Bb2 b6 10. Ne5 O-O 11. Qe2 Bb7 12. f4 c5 13. O-O Rf6 14. Ndf3 Rh6 15. Rad1
Qe7 16. cxd5 exd5 17. dxc5 bxc5 18. Bb5 Bc7 19. Rc1 Na6 20. Rfd1 Rd8 21. Rc2
Bb8 22. Qe1 Bc7 23. Rdc1 Bb6 24. Qe2 Nc7 25. Bd3 Ne6 26. g3 Qe8 27. Ba6 Ba8 28.
Bb5 Qh5 29. Nh4 Qxe2 30. Rxe2 Nd6 31. Bc6 c4 32. Bxa8 Rxa8 33. bxc4 Rxh4 34.
gxh4 Nxf4 35. Ree1 Nxc4 36. Nxc4 dxc4 37. Rxc4 Nd3 38. Re2 Nxb2 39. Rxb2 Bxe3+
40. Kg2 Rd8 41. Rb5 f4 42. Rxa5 Rd2+ 43. Kf3 Rxh2 44. Rf5 g6 45. Rc8+ Kg7 46.
Rc7+ Kh6 47. Rff7 Rh3+ 48. Ke4 Rxh4 49. Rxh7+ Kg5 50. Rxh4 Kxh4 51. Kf3 Kg5 52.
a4 Kf5 53. a5 g5 54. Rg7 Bd4 55. Rg8 Bc5 56. a6 Bd4 57. Rf8+ 1-0

[Event "Taastrup 25 Jubilee"]
[Site "Taastrup"]
[Date "1997.??.??"]
[Round "5"]
[White "Zolnierowicz, Krzysztof"]
[Black "Pilgaard, Kim"]
[Result "0-1"]
[WhiteElo "2370"]
[BlackElo "2370"]
[PlyCount "64"]
[EventDate "1997.??.??"]
[EventType "swiss"]
[EventRounds "9"]
[EventCountry "DEN"]
[Source "ChessBase"]
[SourceDate "1998.11.10"]

1. Nf3 Nf6 2. g3 d5 3. Bg2 Bf5 4. b3 e6 5. Bb2 h6 6. d3 Be7 7. Nbd2 O-O 8. O-O
Bh7 9. Qe1 a5 10. a4 Na6 11. e4 c6 12. Qe2 Re8 13. Kh1 Nb4 14. Rac1 b5 15. e5
Nd7 16. axb5 cxb5 17. Nd4 Qb6 18. f4 Bc5 19. N2f3 a4 20. Bh3 axb3 21. Nxb3 Ra2
22. Rb1 Rc8 23. Nc1 Raa8 24. Nb3 Bf8 25. Nfd4 Ra2 26. f5 exf5 27. g4 Nc5 28.
Nxc5 Qxc5 29. c3 Nxd3 30. Qxd3 fxg4 31. Nf5 gxh3 32. Qxh3 Qc4 0-1

[Event "Taastrup 25 Jubilee"]
[Site "Taastrup"]
[Date "1997.??.??"]
[Round "3"]
[White "Zolnierowicz, Krzysztof"]
[Black "Hansen, Lars Henrik Bech"]
[Result "1-0"]
[WhiteElo "2370"]
[BlackElo "2185"]
[PlyCount "53"]
[EventDate "1997.??.??"]
[EventType "swiss"]
[EventRounds "9"]
[EventCountry "DEN"]
[Source "ChessBase"]
[SourceDate "1998.11.10"]

1. e4 d6 2. d4 Nf6 3. Bd3 g6 4. f4 Bg7 5. Nf3 c5 6. dxc5 Qa5+ 7. c3 Qxc5 8. Qe2
O-O 9. Be3 Qh5 10. O-O Nc6 11. Na3 Ng4 12. Bd2 Nd4 13. cxd4 Bxd4+ 14. Kh1 Bxb2
15. Nb5 Bxa1 16. Rxa1 a6 17. Nc7 Qc5 18. Rc1 Qa7 19. h3 Nf2+ 20. Kh2 Nxd3 21.
Qxd3 Rb8 22. Nd5 Re8 23. Rc7 Qf2 24. Nxe7+ Rxe7 25. Rxe7 h6 26. Re8+ Kh7 27.
Qc3 1-0